书目信息 |
| 题名: |
中国强震记录汇报
|
|
| 作者: | ;国家地震局工程力学研究所 编 | |
| 分册: | 第一集 唐山地震校正加速度数字化记录 | |
| 出版信息: | 北京 地震出版社 1987.12 |
|
| 页数: | 820页 | |
| 开本: | 26厘米 | |
| 丛书名: | ||
| 单 册: | ||
| 中图分类: | P315.63 | |
| 科图分类: | ||
| 主题词: | 地震记录-大地震--中国--汇编 , 地震波速度-加速度-地震数据--唐山--1976年 , 大地震-地震记录--中国--汇编 , 地震数据-加速度-地震波速度--唐山--1976年 , 加速度-地震波速度-地震数据--唐山--1976年 | |
| 电子资源: | ||
| ISBN: | 7-5028-0010-7 | |
| 000 | 01414nam0 2200289 45 | |
| 001 | 0188021905 | |
| 005 | 20061121173302.84 | |
| 010 | @a7-5028-0010-7@dCNY48.50 | |
| 020 | @aCN@b88021905 | |
| 100 | @a19910417d1987 k y0chiy0120 ea | |
| 101 | 0 | @achi |
| 102 | @aCN@b110000 | |
| 105 | @ay z 000yy | |
| 200 | 10 | @a中国强震记录汇报@Azhong guo qiang zhen ji lu hui bao@h第一集@h第二卷@i唐山地震校正加速度数字化记录@Itang shan di zhen xiao zheng jia su du shu zi hua ji lu@h上册@dREPORT ON EARTHQUAKE MOTION RECORDS IN CHINA VOL.1 NO.2 CORRECTED DIGITAL ACCELEROGRAMS OF THANGSHAN EARTHQUAKE@zeng@f国家地震局工程力学研究所编@Fguo jia di zhen ju gong cheng li xue yan jiu suo bian |
| 210 | @a北京@c地震出版社@d1987.12 | |
| 215 | @a820页@d26厘米 | |
| 330 | @a本集收入1976年7月28日至12月31日记录编号自1B01-001至1B63-276 | |
| 540 | 1 | @a中国强震记录汇报@i唐山地震校正加速度数字化记录@Azhong guo qiang zhen ji lu hui bao@Itang shan di zhen xiao zheng jia su du shu zi hua ji lu |
| 606 | @a地震记录-大地震@y中国@x汇编 | |
| 606 | @a地震波速度-加速度-地震数据@y唐山@z1976年 | |
| 606 | @a大地震-地震记录@y中国@x汇编 | |
| 606 | @a地震数据-加速度-地震波速度@y唐山@z1976年 | |
| 606 | @a加速度-地震波速度-地震数据@y唐山@z1976年 | |
| 690 | @aP315.63@v3 | |
| 711 | 02 | @a国家地震局工程力学研究所@Aguo jia di zhen ju gong cheng li xue yan jiu suo@4编 |
| 801 | 0 | @aCN@bTSSF@c20061121 |
| 905 | @a10447@dP315.63@e37:1 | |
| 中国强震记录汇报.第一集.第二卷.唐山地震校正加速度数字化记录.上册=REPORT ON EARTHQUAKE MOTION RECORDS IN CHINA VOL.1 NO.2 CORRECTED DIGITAL ACCELEROGRAMS OF THANGSHAN EARTHQUAKE/国家地震局工程力学研究所编.-北京:地震出版社,1987.12 |
| 820页;26厘米 |
| ISBN 7-5028-0010-7:CNY48.50 |
| 本集收入1976年7月28日至12月31日记录编号自1B01-001至1B63-276 |
| ● |
| 相关链接 |
|
|
|
|
正题名:中国强震记录汇报
索取号:P315.63/37:1
 
预约/预借
| 序号 | 登录号 | 条形码 | 馆藏地/架位号 | 状态 | 备注 |
| 1 | 0203578 | 000626610 | 第二样本阅览室/ [索取号:P315.63/37:1] | 在馆 |